MLB ballparks quiz - Statistics

General Stats
  • This quiz has been taken 89 times
  • The average score is 14 of 15
Answer Stats
Question Answer % Correct
Mets Citi Field
100%
Phllies Citizens Bank Park
100%
Red Sox Fenway Park
100%
Blue Jays Rogers Centre
100%
Rays Tropicana Field
100%
Cubs Wrigley Field
100%
Diamondbacks Chase Field
95%
Yankees Yankees Stadium
95%
Dodgers Dodgers Stadium
90%
Mariners T - Mobile Park
90%
Rangers Globe Life Park
85%
Astros Minute Maid Park
85%
Giants Oracle Park
85%
White Sox Guaranteed Rate Field
80%
Marlins Marlins Park
45%
No matching quizzes found
Score Distribution
Percent of People with Each Score
Percentile by Number Answered
Your Score History
You have not taken this quiz